Maladies à virus et affections similaires de la vigne : atlas en couleurs des symptômes = Virosen und virusähnliche Krankheiten der Rebe : Farbatlas der Symptome = Virus and virus-like diseases of grapevines : colour atlas of symptoms /

Guardado en:
Autor Principal: Bovey, R.
Formato: Libro
Idioma:Spanish
Publicado: Lausanne : Editions Payot, c1980.
Etiquetas: Agregar Etiqueta
Sin Etiquetas, Sea el primero en etiquetar este registro!
LEADER 00709nam a22001455a 4500
001 EEA.libagro003271
005 20190613094120.0
008 130809s1980####xx############000#0#spa#d
082 0 4 |a 634.828 
100 1 |a Bovey, R.  |q (René) 
245 1 0 |a Maladies à virus et affections similaires de la vigne : atlas en couleurs des symptômes = Virosen und virusähnliche Krankheiten der Rebe : Farbatlas der Symptome = Virus and virus-like diseases of grapevines :  |b colour atlas of symptoms /  |c René Bovey ... [et al.]. 
260 |a Lausanne :  |b Editions Payot,  |c c1980. 
300 |a 181 p. :  |b il. col. ;  |c 23 cm. 
500 |a Francés, inglés, alemán. 
859 |a AR-BbBCA  |b BIB. AGRONOMIA  |h 634.828  |i B783  |p 1983/0018